<?xml version="1.0" encoding="UTF-8"?>
<record
    xmlns:xsi="http://www.w3.org/2001/XMLSchema-instance"
    xsi:schemaLocation="http://www.loc.gov/MARC21/slim http://www.loc.gov/standards/marcxml/schema/MARC21slim.xsd"
    xmlns="http://www.loc.gov/MARC21/slim">

  <leader>05695cam a2200361 i 4500</leader>
  <datafield tag="999" ind1=" " ind2=" ">
    <subfield code="c">599</subfield>
    <subfield code="d">599</subfield>
  </datafield>
  <controlfield tag="001">20760185</controlfield>
  <controlfield tag="003">OSt</controlfield>
  <controlfield tag="005">20251027105654.0</controlfield>
  <controlfield tag="008">181115s2019    enk      b    000 0 eng c</controlfield>
  <datafield tag="010" ind1=" " ind2=" ">
    <subfield code="a">  2018049126</subfield>
  </datafield>
  <datafield tag="020" ind1=" " ind2=" ">
    <subfield code="a">9781138617704</subfield>
    <subfield code="q">(pb : alk. paper)</subfield>
  </datafield>
  <datafield tag="040" ind1=" " ind2=" ">
    <subfield code="a">LBSOR/DLC</subfield>
    <subfield code="b">eng</subfield>
    <subfield code="c">LBSOR</subfield>
    <subfield code="e">rda</subfield>
    <subfield code="d">DLC</subfield>
  </datafield>
  <datafield tag="042" ind1=" " ind2=" ">
    <subfield code="a">pcc</subfield>
  </datafield>
  <datafield tag="050" ind1="0" ind2="0">
    <subfield code="a">LB1060</subfield>
    <subfield code="b">.B875 2019</subfield>
  </datafield>
  <datafield tag="082" ind1="0" ind2="0">
    <subfield code="a">370.15/23</subfield>
    <subfield code="b">B977 2019</subfield>
    <subfield code="2">23</subfield>
  </datafield>
  <datafield tag="100" ind1="1" ind2=" ">
    <subfield code="a">Busch, Bradley,</subfield>
    <subfield code="e">author.</subfield>
  </datafield>
  <datafield tag="245" ind1="1" ind2="4">
    <subfield code="a">The science of learning :</subfield>
    <subfield code="b">77 studies that every teacher needs to know /</subfield>
    <subfield code="c">Bradley Busch and Edward Watson.</subfield>
  </datafield>
  <datafield tag="264" ind1=" " ind2="1">
    <subfield code="a">London ;</subfield>
    <subfield code="a">New York :</subfield>
    <subfield code="b">Routledge, Taylor &amp; Frncis Group,</subfield>
    <subfield code="c">2019.</subfield>
  </datafield>
  <datafield tag="300" ind1=" " ind2=" ">
    <subfield code="a">xv, 172 pages ;</subfield>
    <subfield code="c">25 cm</subfield>
  </datafield>
  <datafield tag="336" ind1=" " ind2=" ">
    <subfield code="a">text</subfield>
    <subfield code="2">rdacontent</subfield>
  </datafield>
  <datafield tag="337" ind1=" " ind2=" ">
    <subfield code="a">unmediated</subfield>
    <subfield code="2">rdamedia</subfield>
  </datafield>
  <datafield tag="338" ind1=" " ind2=" ">
    <subfield code="a">volume</subfield>
    <subfield code="2">rdacarrier</subfield>
  </datafield>
  <datafield tag="504" ind1=" " ind2=" ">
    <subfield code="a">Includes bibliographical references.</subfield>
  </datafield>
  <datafield tag="505" ind1="0" ind2=" ">
    <subfield code="a">The one about memory -- The one about aspirations &amp; expectations -- The one about the planning fallacy -- The one about spacing your learning -- The one about growth mindset -- The one about predicating future behaviour -- The one about teacher mindset -- The one about teenagers and social reflection -- The one about high expectations -- The one about IQ and success -- Th one about parents and grades -- The one about student resilience -- The one about marshmallow and self-control -- The one about mindset and purpose -- The one about spacing and interleaving -- The one about parental views on failure -- The one about revising to music -- The one about the importance of sleep -- The one about parental praise -- The one about effort being contagious -- The one about teacher rating and learning -- The one about talent bias -- The once about retrieval practice -- The one about thought suppression -- The one about effective feedback -- The one about motivating bored students -- The one about self-analysis over time -- The one about asking why -- The one about the importance of sleep -- The one about mobile phones -- The one about marshmallows, reliability and self-control -- The one about note taking -- The one about the impostor syndrome -- The one about reading out loud -- The one about eating breakfast -- The one about streaming -- The one about academic buoyancy -- The one about the spotlight effect -- The one about resilience -- The one about phones and sleep -- The one about pictures and words -- The one about teaching others -- The one about experts overclaiming -- The one about the Kohler effect -- The one about the Ikea effect -- The one about parental beliefs -- The one about motivation -- The one about student daydreaming -- The one about banning mobile phones -- The one about going for a walk -- The one about stress mindset -- The one about how to give better feedback -- The one about self-talk -- The one about parents and reading -- The one about the seduction of neuroscience -- The once about deadlines, choice and procrastination -- The one about smart reputations -- The one about emotions and achievement -- The one about interacting with nature -- The one about stress and uncertainty -- The one about metacognition -- The once about helping disadvantages students -- The one about picturing the process -- The one about what the teacher says -- The one about parental warmth -- The one about how much we forget -- The one about homework -- The one about mindset attitude and self-esteem -- The one about pre-questions -- The one about the learning style myth -- The one about eating dinner together -- The one about note taking -- The one about the bandwagon effect -- The one about struggling scientists -- The one about effective teachers -- The one about retrieval practice and stress -- The one about false confidence.</subfield>
  </datafield>
  <datafield tag="520" ind1=" " ind2=" ">
    <subfield code="a">"Supporting teachers in the quest to help students learn as effectively and efficiently as possible, The Science of Learning translates 77 of the most important and influential studies on the topic of learning into accessible and easily digestible overviews. Demystifying key concepts and translating research into practical advice for the classroom, this unique resource will increase teachers' understanding of crucial psychological research so they can help students improve how they think, feel and behave in school. From large to small scale studies, from the quirky to the iconic, The Science of Learning breaks down complicated research to provide teachers with the need-to-know facts and implications of each study. Each overview combines graphics and text, asks key questions, describes related research and considers implications for practice. Highly accessible, each overview is attributed to one of six key categories: - Memory: increasing how much students remember - Mindset, motivation and resilience: improving persistence, effort and attitude - Self-regulation and metacognition: helping students to think clearly and consistently - Student behaviours: enocuraging positive student habits and processes - Teacher attitudes, expectations and behaviours: adopting positive classroom practices - Parents: how parents' choices and behaviours impact their childrens' learning - Thinking biases: avoiding faulty thinking habits that get in the way of learning A hugely accessible resource, this unqiue book will support, inspire and inform teaching staff, parents and students, and those involved in leadership and CPD"--</subfield>
    <subfield code="c">Provided by publisher.</subfield>
  </datafield>
  <datafield tag="650" ind1=" " ind2="0">
    <subfield code="a">Learning, Psychology of.</subfield>
  </datafield>
  <datafield tag="650" ind1=" " ind2="0">
    <subfield code="a">Learning</subfield>
    <subfield code="x">Research.</subfield>
  </datafield>
  <datafield tag="650" ind1=" " ind2="0">
    <subfield code="a">Teaching</subfield>
    <subfield code="x">Research.</subfield>
  </datafield>
  <datafield tag="700" ind1="1" ind2=" ">
    <subfield code="a">Watson, Edward,</subfield>
    <subfield code="e">author.</subfield>
  </datafield>
  <datafield tag="906" ind1=" " ind2=" ">
    <subfield code="a">7</subfield>
    <subfield code="b">cbc</subfield>
    <subfield code="c">orignew</subfield>
    <subfield code="d">1</subfield>
    <subfield code="e">ecip</subfield>
    <subfield code="f">20</subfield>
    <subfield code="g">y-gencatlg</subfield>
  </datafield>
  <datafield tag="942" ind1=" " ind2=" ">
    <subfield code="2">ddc</subfield>
    <subfield code="c">CIR</subfield>
  </datafield>
  <datafield tag="952" ind1=" " ind2=" ">
    <subfield code="0">0</subfield>
    <subfield code="1">0</subfield>
    <subfield code="2">ddc</subfield>
    <subfield code="4">0</subfield>
    <subfield code="7">0</subfield>
    <subfield code="8">NFIC</subfield>
    <subfield code="a">CL</subfield>
    <subfield code="b">CL</subfield>
    <subfield code="c">RES</subfield>
    <subfield code="d">2023-07-24</subfield>
    <subfield code="e">Purchased (Linar)</subfield>
    <subfield code="g">2924.00</subfield>
    <subfield code="h">10491</subfield>
    <subfield code="l">0</subfield>
    <subfield code="o">370.15/23 B977 2019</subfield>
    <subfield code="p">10491</subfield>
    <subfield code="r">2023-07-24</subfield>
    <subfield code="w">2023-07-24</subfield>
    <subfield code="y">CIR</subfield>
  </datafield>
</record>
